Differently literate : boys, girls and the schooling of literacy

Αποθηκεύτηκε σε:
Λεπτομέρειες βιβλιογραφικής εγγραφής
Κύριος συγγραφέας: Millard, Elaine
Μορφή: Βιβλίο
Γλώσσα:English
Δημοσίευση: London : Falmer Press, 1997
Θέματα:
Ετικέτες: Προσθήκη ετικέτας
Δεν υπάρχουν, Καταχωρήστε ετικέτα πρώτοι!

MARC

LEADER 00000nam a2200000 i 4500
001 1/98483
008 000120s1997 eng d
020 |a 0-7507-0661-9 
035 |l 10056529 
040 |a GR-MY-UA  |b gre  |e aacr 
041 0 |a eng 
082 0 |a 372.60941 
100 1 |a Millard, Elaine. 
245 1 0 |a Differently literate :  |b boys, girls and the schooling of literacy /  |c Elaine Millard 
260 |a London :   |b Falmer Press,   |c 1997 
300 |a 211 p. 
650 0 0 |a Language arts  |z Great Britain. 
650 0 0 |a Reading  |z Great Britain. 
650 0 0 |a English language  |x Composition and exercises  |x Study and teaching  |z Great Britain. 
650 0 0 |a Literacy  |z Great Britain. 
650 0 0 |a Sex differences in education  |z Great Britain. 
852 |a INST  |b RHODES  |e 20000120  |h 372.60941 MIL  |p 005400012975  |q 005400012975  |t BK  |y 0 
852 |a INST  |b RHODES  |e 20000128  |h 372.60941 MIL  |p 005400014155  |q 005400014155  |t BK  |y 0 
901 |a BIBL4-2000-1 
909 |a Ρ  |b 071093 
909 |a Ρ  |b 070462 
922 |a 4ΕΛΗ  |b 199911  |c ΚΠΣ/154  |d GLORY BOOKS 
970 |a ΚΟΥΛΑΚΙΟΤΗ  |b ΛΙΤΣΑ  |z 2000/01/20